000 02719nam a2200385Ii 4500
003 URS
005 20221125082326.0
008 220131s1995 inua o 001 0deng d
040 _aMYG
_beng
_erda
_epn
_cMYG
_dOCLCO
_dYDX
_cURS
020 _a9781557539496
_q(ePDF)
020 _a1557539499
_q(ePDF)
020 _z9780931682544
_q(alk. paper)
100 1 _aNorberg, John.
245 1 2 _aA force for change :
_bthe Class of 1950 /
_cJohn Norberg.
264 1 _aWest Lafayette, Ind. :
_bPurdue University,
_c1995.
264 4 _c©1995
300 _a1 online resource (xiv, 390 pages) :
_billustrations
336 _atext
_btxt
_2rdacontent
337 _acomputer
_bc
_2rdamedia
338 _aonline resource
_bcr
_2rdacarrier
500 _aIncludes index.
505 0 _aIntroduction -- Chapter 1. "I wish you could turn back the clock" : remembering how it was -- Chapter 2. "The loneliness is disappearing" : some who added the feminine touch -- Chapter 3. "Times were very tough" : the Great Depression's lifelong effects -- Chapter 4. "We had a ton of guys playing" : on the gridiron and the court -- Chapter 5. "I told her I'd give her a call" : boy meets girl -- Chapter 6. "I was an aviation bug" : some were flyboys -- Chapter 7. "Everybody was going" : into the Army, Navy, and Marines -- Chapter 8. "Look at all those free people" : the African-American experience -- Chapter 9. "It was a fantastic time" : from radar through space -- Chapter 10. "Like riding a roller coaster down" : the night the bleachers collapsed -- Chapter 11. "We had a great wrestling team" : Hoosier hysteria goes to the mat -- Chapter 12. "I never did go home" : students from faraway places -- Chapter 13. "Now it's your turn" : from college to Korea -- Chapter 14. "They could do anything they wanted to" : college, careers, children, and careers -- Chapter 15. "Back home again in Indiana" : memories of more Purdue athletes.
588 0 _aPrint version record.
590 _aJSTOR
_bBooks at JSTOR Open Access
610 2 0 _aPurdue University.
_bClass of 1950.
_0http://id.loc.gov/authorities/names/n95081155
610 2 0 _aPurdue University
_xStudents
_vBiography.
610 2 7 _aPurdue University.
_2fast
_0(OCoLC)fst00535526
610 2 7 _aPurdue University.
_bClass of 1950.
_2fast
_0(OCoLC)fst00709725
650 7 _aStudents.
_2fast
_0(OCoLC)fst01136041
710 2 _aPurdue University.
_bClass of 1950.
_0http://id.loc.gov/authorities/names/n95081155
776 0 8 _iPrint version:
_aNorberg, John.
_tForce for change.
_dWest Lafayette, Ind. : Purdue University, 1995.
_w(DLC) 95033507
_w(OCoLC)33042005
_z9780931682544
856 4 0 _uhttps://www.jstor.org/stable/10.2307/j.ctv2x1npsn
942 _2lcc
_cE-BOOK
994 _a92
_bPHURS
999 _c59957
_d59957